Hacia la modernización administrativa : (Record no. 27256)

MARC details
000 -CABECERA
campo de control de longitud fija 00582nam a2200181 a 4500
005 - FECHA Y HORA DE LA ÚLTIMA TRANSACCIÓN
campo de control 20210223122002.0
008 - ELEMENTOS DE LONGITUD FIJA--INFORMACIÓN GENERAL
campo de control de longitud fija 991125s1995 mx 000 0 spa u
020 ## - NÚMERO INTERNACIONAL NORMALIZADO PARA LIBROS
Número Internacional Estándar del Libro 9688425273
035 ## - NÚMERO DE CONTROL DEL SISTEMA
Número de control de sistema UPN01000027256
049 ## - COLECCIÓN
Colección CG
050 #4 - SIGNATURA TOPOGRÁFICA DE LA BIBLIOTECA DEL CONGRESO
Número de clasificación JL1231
Número de documento/Ítem H32
245 00 - MENCIÓN DE TÍTULO
Título Hacia la modernización administrativa :
Resto del título una propuesta de la sociedad /
Mención de responsabilidad, etc. coord. Antonio Argüelles.
260 ## - PUBLICACIÓN, DISTRIBUCIÓN, ETC.
Lugar de publicación, distribución, etc. México :
Nombre del editor, distribuidor, etc. M. A. Porrúa,
Fecha de publicación, distribución, etc. 1995.
300 ## - DESCRIPCIÓN FÍSICA
Extensión 189 p.
650 #4 - ASIENTO SECUNDARIO DE MATERIA - TERMINO TEMATICO
Término de materia o nombre geográfico como elemento de entrada ADMINISTRACION PUBLICA -
Subdivisión geográfica MEXICO
9 (RLIN) 243
700 1# - ASIENTO SECUNDARIO--NOMBRE DE PERSONAL
Nombre de persona Argüelles Díaz-González, Antonio,
Fechas asociadas al nombre 1959-
Término indicativo de función/relación coord.
9 (RLIN) 28745
905 ## - TIPO DE MATERIAL
Tipo de material Libro
Holdings
Estado de retiro Estado de pérdida Fuente del sistema de clasificación o colocación Estado dañado No para préstamo Código de colección Localización permanente Ubicación/localización actual Ubicación en estantería Total de préstamos Clasificación Código de barras Fecha visto por última vez Número de copia Tipo de ítem Koha
    Library of Congress Classification     Colección General Bib. Gregorio Torres Quintero Bib. Gregorio Torres Quintero Planta baja 7 JL1231 H32 144014 31/12/2020 1 Libro